000 00809naa a2200229 4500
005 20090611140859.0
008 080924t xxu||||| |||| 00| 0 eng d
010 _aENG-93951
020 _c300.00
_a9788170493280
035 _aEN-77484
037 _bDBAD / PUB
040 _adpl
_bEnglish
082 _aN
100 _aKaushik, Nishant
245 _aWatch out!:
_cby Nishant Kaushik
_bwe are MBA /
260 _aNew Delhi
_bManas Publications
_c2008
270 _a4402/5, Main Ansari Road, (Adjacent Bank of Baroda) Daryaganj,
_bNew Delhi
_e110002
300 _a271p.
_c22cm(pbk)
500 _aIncludes index
942 _adpl
_cEN
_2ddc
_hN
_mKAU
999 _c27381
_d27381